Say So - Doja Cat (All Lyrics) - Statistics

General Stats
  • This quiz has been taken 62 times
  • The average score is 338 of 459
Answer Stats
Lyrics % Correct
say
98%
so?
98%
so
98%
I
96%
you
96%
it
92%
it?
92%
it,
92%
no
92%
a
90%
me
90%
me,
90%
to
90%
didn't
88%
the
88%
do?
86%
(do
86%
even
86%
in
86%
keep
86%
why
86%
don't
84%
notice
84%
with
84%
be
82%
love)
82%
love
82%
got
80%
roll
80%
day
78%
want
78%
been
76%
focused
76%
my
76%
night
76%
and
74%
let
74%
punches
74%
ain't
72%
morning
72%
(ha)
70%
your
70%
long
68%
i'm
66%
like
66%
moment
66%
this
66%
time
66%
(fell
64%
he
64%
it's
64%
since
64%
left
62%
yourself
60%
all
58%
ass
58%
on
58%
tell
58%
tell,
58%
boy,
56%
ever
56%
i'd
56%
really
56%
stop
56%
what
56%
check
54%
if
54%
we
54%
can
52%
dress
52%
out
52%
quick
52%
right
52%
shy?
52%
breath
50%
coming
50%
grab
50%
have
50%
need
50%
shell
50%
had
48%
had,
48%
known
48%
seen
48%
titties
48%
won't
48%
actin'
46%
him
46%
impressed
46%
around
44%
babe
44%
leave
44%
never
44%
'cause
42%
chest,
42%
i'll
42%
must
42%
'round
42%
that
42%
bush?
40%
but
40%
of
40%
playing,
40%
scream
40%
(yeah)
40%
beating
38%
fast
38%
shout
38%
try
38%
at
36%
bad
36%
before
36%
dance
36%
dry
36%
good
36%
prolly
36%
set
36%
take
36%
zip
36%
cheesin'
34%
woman
34%
body,
32%
committed
32%
wouldn't
32%
bouncing
30%
bug
30%
luckily,
30%
mad
30%
them
30%
'til
30%
bitches
28%
knowin'
28%
pushin'
28%
reading
28%
(ah)
26%
knock
26%
quiet
26%
save
26%
steal
26%
saying
24%
shut
24%
pretty
22%
frontin',
20%
hating
20%
own
20%
anybody
18%
than
18%
realer
16%
(hot)
12%
(yah,
12%
yah)
12%
No matching quizzes found
Score Distribution
Percent of People with Each Score
Percentile by Number Answered
Your Score History
You have not taken this quiz